| 000 | 00673nam a22002537a 4500 | ||
|---|---|---|---|
| 001 | 22888 | ||
| 003 | UA-OsUOA | ||
| 005 | 20240607112043.0 | ||
| 007 | ta | ||
| 008 | 20031226b un ||||| |||| 00| 0 ukr d | ||
| 020 | _a9660400241 | ||
| 040 |
_aUA-OsUOA _bukr _cUA-OsUOA _dUA-OsUOA |
||
| 041 | _aukr | ||
| 044 | _aUA | ||
| 080 | _a2(075.8) | ||
| 090 |
_a2(075.8) _bР36 |
||
| 245 |
_aРелігієзнавство _bнавч. пос. _cза ред. М. Ф. Рибачука |
||
| 260 |
_aКиїв _bОсвіта _c1997 |
||
| 300 | _a239 с. | ||
| 650 | 7 | _2UDC | |
| 942 |
_cBK _2udc |
||
| 955 | _a0 | ||
| 999 |
_c309120 _d309120 |
||